000 00758nab a2200229 u 4500
001 08976
003 HDC
007 cr bn ---aaaaa
008 210131c9999 my dr|nes 0 a eng d
040 _aHDC
245 0 _aConcerns Over Size of BoJ's JGB Purchases
260 _a[no place] :
_b[publisher not identified],
_c[no year]
336 _atext
_2rdacontent
337 _acomputer
_2rdamedia
338 _aonline resource
_2rdacarrier
650 _aBank of Japan's (BoJ)
_99395
650 _ainvestment bank
_99396
856 _zRequest full-text at [email protected]
942 _2lcc
942 _cNEWS
942 _kNWSC 002429
999 _c6299
_d6299